|
|
|
|
| LEADER |
01128nam a2200229 a 4500 |
| 001 |
56323653 |
| 008 |
090915r19841982enka b 000 0 eng d |
| 020 |
|
|
|a 0108502767
|
| 040 |
|
|
|a WLL
|c WLL
|
| 082 |
0 |
0 |
|a 362.2/04252
|2 19
|
| 110 |
1 |
|
|a Great Britain.
|b Inter-departmental Committee on Social Insurance and Allied Services.
|
| 245 |
0 |
0 |
|a Social insurance and allied services /
|c report by Sir William Beveridge.
|
| 260 |
|
|
|a London :
|b H.M. Stationery Off.,
|c 1982 [reprinted 1984]
|
| 300 |
|
|
|a 299 p. :
|b ill. ;
|c 25 cm.
|
| 500 |
|
|
|a Report, with appendices A to F, of the Inter-departmental committee on social insurance and allied services, consisting of opinions and recommendation of the chairman only.
|
| 504 |
|
|
|a Includes bibliographical references.
|
| 541 |
1 |
|
|e 00004482
|
| 650 |
|
0 |
|a Social security
|z Great Britain.
|
| 700 |
1 |
|
|a Beveridge, William Henry Beveridge,
|c Baron,
|d 1879-1963.
|
| 852 |
4 |
|
|a Ayesha Abed Library
|j General shelf
|
| 999 |
|
|
|c 8424
|d 8424
|
| 952 |
|
|
|0 0
|1 0
|2 ddc
|4 0
|6 362_204252000000000_SOC_1984
|7 0
|9 9843
|a BRACUL
|b BRACUL
|c GEN
|d 2010-05-06
|g 1171.50
|l 0
|o 362.204252 SOC
|p 3010004482
|r 2010-05-06
|t 1
|w 2010-05-06
|y BK
|